header

The human equity advantage (Record no. 40850)

MARC details
000 -LEADER
fixed length control field 01172nam a2200313Ia 4500
082 04 - DEWEY DECIMAL CLASSIFICATION NUMBER
Classification number 658.3
100 1# - MAIN ENTRY--AUTHOR NAME
Personal name Wilson, Trevor,
245 14 - TITLE STATEMENT
Title The human equity advantage
260 ## - PUBLICATION, DISTRIBUTION, ETC. (IMPRINT)
Place of publication Hoboken, NJ :
Name of publisher Jossey-Bass / Wiley,
Year of publication c2013.
300 ## - PHYSICAL DESCRIPTION
Number of Pages xiii, 311 p. :
Other physical details ill.
500 ## - GENERAL NOTE
General note Includes index.
650 #0 - SUBJECT ADDED ENTRY--TOPICAL TERM
Topical Term Human capital.
Topical Term Leadership.
856 40 - ELECTRONIC LOCATION AND ACCESS
Uniform Resource Identifier http://site.ebrary.com/lib/rucke/Doc?id=10715329

No items available.

© 2026 Rongo University
Contact us: librarian | system librarian | Rongo university